000 00246nam a2200097Ia 4500
008 230915s9999 xx 000 0 und d
050 _aHD 30.28. P353 2011
100 _aGAMBLE, JOHN E.
245 0 _aESSENTIALS OF STRATEGIC MANAGEMENT
942 _cBK
999 _c75598
_d75598